Big 4 Commissioners Quiz Stats

 Plays Quiz Updated Jan 24, 2020

     
Support Sporcle.
Go Orange.
Score 0/30 Timer 07:00
0 Plays Today
Years Active Commissioner % Correct
NBADavid Stern
81.4%
MLBBud Selig
81%
NFLRoger Goodell
77.8%
NBAAdam Silver
69.2%
NHLGary Bettman
57.4%
NFLPaul Tagliabue
53.8%
MLBRob Manfred
39.1%
MLBKenesaw Mountain Landis
38.5%
NFLAlvin 'Pete' Rozelle
37.4%
MLBBart Giamatti
35.7%
MLBFay Vincent
30.9%
MLBBowie Kuhn
25.2%
MLBPeter Ueberroth
20.2%
NBALarry O'Brien
17.4%
MLBFord Frick
16.2%
Years Active Commissioner % Correct
MLBA. B. 'Happy' Chandler Sr.
12.3%
NHLClarence Campbell
12.1%
NFLBert Bell
9.6%
NHLJohn Ziegler
8.1%
NFLJim Thorpe
6.9%
NHLGil Stein
6.2%
NBAMaurice Podoloff
5.7%
NBAWalter Kennedy
5.2%
MLBWilliam Eckert
4.8%
NHLFrank Calder
3.9%
NFLJoseph Carr
3.2%
NFLElmer Layden
2.9%
NHLRed Dutton
2.6%
NFLAustin Gunsel
2.5%
NFLCarl Storck
2.3%

From the Vault

US History Hodgepodge III

by History_Lover

History 7m
Let's see if you paid attention during all those high school history lessons.
Remove Ads.
Support Sporcle.
Get the best of Sporcle when you Go Orange. This ad-free experience offers more features, more stats, and more fun while also helping to support Sporcle. Thank you for becoming a member.

Show Comments

Extras

Top Quizzes Today


Score Distribution

Your Account Isn't Verified!

In order to create a playlist on Sporcle, you need to verify the email address you used during registration. Go to your Sporcle Settings to finish the process.

Report this User

Report this user for behavior that violates our Community Guidelines.

Details: